The singing tree / (Record no. 2988)

MARC details
000 -LEADER
fixed length control field 00893cam a22002651 4500
001 - CONTROL NUMBER
control field 2988
003 - CONTROL NUMBER IDENTIFIER
control field FISKH
005 - DATE AND TIME OF LATEST TRANSACTION
control field 20240129140233.0
008 - FIXED-LENGTH DATA ELEMENTS--GENERAL INFORMATION
fixed length control field 810221s1940 nyuaf j 000 1 eng
010 ## - LIBRARY OF CONGRESS CONTROL NUMBER
LC control number 39027943
035 ## - SYSTEM CONTROL NUMBER
System control number (OCoLC)7146436
040 ## - CATALOGING SOURCE
Original cataloging agency DLC
Transcribing agency PPD
Modifying agency OCoLC
-- DLC
Language of cataloging eng
042 ## - AUTHENTICATION CODE
Authentication code premarc
050 00 - LIBRARY OF CONGRESS CALL NUMBER
Classification number PZ9.S30
Item number Si
082 ## - DEWEY DECIMAL CLASSIFICATION NUMBER
Classification number 823.91
100 1# - MAIN ENTRY--PERSONAL NAME
Personal name Seredy, Kate.
245 14 - TITLE STATEMENT
Title The singing tree /
Statement of responsibility, etc. written and illustrated by Kate Seredy.
250 ## - EDITION STATEMENT
Edition statement This edition published in 1965
260 ## - PUBLICATION, DISTRIBUTION, ETC.
Place of publication, distribution, etc. New York,
Name of publisher, distributor, etc. Viking Press
Date of publication, distribution, etc. 1940.
300 ## - PHYSICAL DESCRIPTION
Extent 216 pages :
Other physical details illustrations ;
Dimensions 19 cm
520 ## - SUMMARY, ETC.
Summary, etc. Life changes drastically for a Hungarian family when World War I upsets their peaceful, contented existence and the children are left in charge of the farm.
650 #0 - SUBJECT ADDED ENTRY--TOPICAL TERM
Topical term or geographic name entry element Children
Geographic subdivision Hungary.
906 ## - LOCAL DATA ELEMENT F, LDF (RLIN)
a 7
b cbc
c oclcrpl
d u
e ncip
f 19
g y-gencatlg
942 ## - ADDED ENTRY ELEMENTS (KOHA)
Source of classification or shelving scheme Dewey Decimal Classification
Koha item type Books
Suppress in OPAC No
Holdings
Withdrawn status Lost status Source of classification or shelving scheme Damaged status Not for loan Collection Home library Current library Shelving location Date acquired Total Checkouts Full call number Barcode Date last seen Price effective from Koha item type
    Dewey Decimal Classification     Fiction Footprints International School Library Network Toul Kork Campus Footprints International School Library Network Toul Kork Campus   01/29/2024   SER Fic PZ7.S48 FISO1009 01/29/2024 01/29/2024 Books